<?xml version="1.0" encoding="UTF-8"?>
<collection xmlns="http://www.loc.gov/MARC21/slim">
 <record>
  <leader>00568nab a2200157 i 4500</leader>
  <controlfield tag="001">delm71461</controlfield>
  <controlfield tag="005">20180928082422.0</controlfield>
  <controlfield tag="008">180928s1964    hu      o     0||   hun d</controlfield>
  <datafield tag="040" ind1=" " ind2=" ">
   <subfield code="a">SZTE Délmagyarország Archívum</subfield>
   <subfield code="b">hun</subfield>
  </datafield>
  <datafield tag="041" ind1=" " ind2=" ">
   <subfield code="a">hun</subfield>
  </datafield>
  <datafield tag="100" ind1="1" ind2=" ">
   <subfield code="a">Kovács Attila</subfield>
  </datafield>
  <datafield tag="245" ind1="1" ind2="0">
   <subfield code="a">Elválni a földtől </subfield>
   <subfield code="h">[elektronikus dokumentum] :</subfield>
   <subfield code="b">repülősök, ejtőernyősök között a MHS-ben /</subfield>
   <subfield code="c"> Kovács Attila</subfield>
  </datafield>
  <datafield tag="260" ind1=" " ind2=" ">
   <subfield code="c">1964-03-07</subfield>
  </datafield>
  <datafield tag="300" ind1=" " ind2=" ">
   <subfield code="a">5</subfield>
  </datafield>
  <datafield tag="490" ind1="0" ind2=" ">
   <subfield code="a">Délmagyarország</subfield>
   <subfield code="v">54 No. 56</subfield>
  </datafield>
  <datafield tag="695" ind1=" " ind2=" ">
   <subfield code="a">Halász Simon József, MHS, Sport repülés Szeged 1964, Sport ejtőernyősök Szeged 1964</subfield>
  </datafield>
 </record>
</collection>
